The myth of independence / (Record no. 184272)
[ view plain ]
| 000 -LEADER | |
|---|---|
| fixed length control field | 01468 a2200193 4500 |
| 003 - CONTROL NUMBER IDENTIFIER | |
| control field | Nust |
| 005 - DATE AND TIME OF LATEST TRANSACTION | |
| control field | 20221222124649.0 |
| 010 ## - LIBRARY OF CONGRESS CONTROL NUMBER | |
| LC control number | 70394876 |
| 020 ## - INTERNATIONAL STANDARD BOOK NUMBER | |
| International Standard Book Number | 0192151673 |
| 040 ## - CATALOGING SOURCE | |
| Transcribing agency | Nust |
| 082 00 - DEWEY DECIMAL CLASSIFICATION NUMBER | |
| Classification number | 327.95491,BHU |
| 100 1# - MAIN ENTRY--PERSONAL NAME | |
| Personal name | Bhutto, Zulfikar Ali. |
| 9 (RLIN) | 37719 |
| 245 14 - TITLE STATEMENT | |
| Title | The myth of independence / |
| Statement of responsibility, etc. | Zufikar Ali Bhutto |
| 260 ## - PUBLICATION, DISTRIBUTION, ETC. | |
| Place of publication, distribution, etc. | London, |
| -- | Lahore [etc.] |
| Name of publisher, distributor, etc. | Oxford U.P., |
| Date of publication, distribution, etc. | 1969. |
| 300 ## - PHYSICAL DESCRIPTION | |
| Extent | x, 188 p. |
| Other physical details | 4 plates, ports. |
| Dimensions | 23 cm. |
| 505 ## - FORMATTED CONTENTS NOTE | |
| Formatted contents note | The Struggle For Equality (Page-1), Global Power And Small Nation (Page-7), American Attitudes Towards Partition And Indian Neutralism (Page-30), India Seeks American Support Against China (Page-48), America Aids India And Ignore Pakistan (Page-66), American Policy To Bring Pakistan Under Indian Hegemony (Page-79), Collaboration With India On American Terms (Page-93), American Demands And The Choice Before Pakistan (Page-99), The Indo Pakistan War And Its Analogies (Page-113), Relations With Neighbouring Countries And Some Others (Page-123), Pakistan And The Veitnam War (Page-127), Sino Pakistani Relations (Page-131), Relations With European Powers And Great Powers (Page-135), Some Conclusions (Page-145), The State Best Defence (Page-150), Deterrent Against Aggression (Page-152), How To Face The Looming Crisis (Page-156), The Origins Of Dispute With India (Page-162), Confrontation With India (Page-176), Epilogue (Page-185). |
| 651 #0 - SUBJECT ADDED ENTRY--GEOGRAPHIC NAME | |
| Geographic name | Pakistan |
| General subdivision | Foreign relations. |
| 942 ## - ADDED ENTRY ELEMENTS (KOHA) | |
| Source of classification or shelving scheme | |
| Koha item type | Book |
| Call number prefix | 327.95491,BHU |
| Withdrawn status | Lost status | Source of classification or shelving scheme | Damaged status | Not for loan | Permanent Location | Current Location | Shelving location | Date acquired | Full call number | Barcode | Date last seen | Price effective from | Koha item type | Public note |
|---|---|---|---|---|---|---|---|---|---|---|---|---|---|---|
| Military College of Signals (MCS) | Military College of Signals (MCS) | General Stacks | 12/12/2016 | 327.95491,BHU | MCS7521 | 12/08/2016 | 12/12/2016 | Book | Almirah No.50, Shelf No.2 |
